[Event "45th FIDE Chess Olympiad Open"]
[Site "Budapest, Hungary"]
[Date "2024.09.11"]
[Round "1.71"]
[White "Silva, David"]
[Black "Samuel, Jhon"]
[Result "1-0"]
[WhiteElo "2363"]
[BlackElo "1545"]
[PlyCount "55"]
[EventDate "2024.??.??"]
[WhiteTeam "Angola"]
[BlackTeam "British Virgin Islands"]
[WhiteTeamCountry "ANG"]
[BlackTeamCountry "IVB"]
[WhiteClock "1:07:49"]
[BlackClock "0:10:37"]

1. e4 c6 2. Nc3 d5 3. Nf3 Bg4 4. h3 Bxf3 5. Qxf3 d4 6. Ne2 e5 7. Ng3 Qf6 ({RR} 7... g6 8. Bc4 Nf6 9. O-O Bg7 10. d3 O-O 11. Qe2 Nbd7 12. f4 exf4 13. Bxf4 b5 14. Bb3 Nc5 15. Qf3 Nfd7 16. Ne2 a5 17. a3 Nxb3 18. cxb3 Nc5 19. Rac1 Nxb3 20. Rxc6 Rc8 21. Rxc8 Qxc8 22. Nc1 {Leko,P (2460)-Brandics,J (2335) Kecskemet 1992 ½-½ (32)}) ({RR} 7... Nf6 8. Bc4 b5 9. Bb3 Nbd7 10. d3 Nc5 11. Bg5 a5 12. Bxf6 Qxf6 13. Qxf6 gxf6 14. a3 Nxb3 15. cxb3 Rg8 16. Kf1 Kd7 17. Nf5 a4 18. b4 c5 19. bxc5 Bxc5 20. Rc1 Rgc8 21. Ke2 b4 22. axb4 {Crevatin,L (2260)-Jovic,S (2097) chess.com INT 2024 1-0 (32)}) 8. Qb3 Qe7 $146 ({RR} 8... b6 9. d3 Nd7 10. c3 Nc5 11. Qc2 Bd6 12. Be2 Ne7 13. O-O Ne6 14. Nh5 Qg6 15. f4 exf4 16. Nxf4 Nxf4 17. Bxf4 Bxf4 18. Rxf4 Qd6 19. e5 Qxe5 20. Re4 Qc5 21. Bf3 dxc3+ 22. d4 Qd6 23. Rae1 {Dorawa,B (2138)-Spaete,E (1656) Bad Sooden-Allendorf 2004 1-0 (35)}) ({RR} 8... b6 9. Be2 g6 10. O-O Bd6 11. a4 Nd7 12. c3 Nc5 13. Qc2 Ne6 14. d3 Ne7 15. Bg4 c5 16. Bxe6 Qxe6 17. c4 Nc6 18. Bd2 a5 19. Qd1 h5 20. f3 O-O-O 21. Ra3 f6 22. Qe1 h4 23. Nh1 {Beaskoa Estany,G (1930)-Lozano Diaz,A (1846) Barcelona 2013 0-1 (69)}) ({RR} 8... b6 9. a4 Nd7 10. Bc4 Nc5 11. Qa2 a5 12. d3 h5 13. O-O h4 14. Ne2 g5 15. c3 dxc3 16. bxc3 g4 17. hxg4 h3 18. g5 Qg6 19. g3 h2+ 20. Kh1 Qh5 21. f3 Be7 22. f4 O-O-O 23. Bxf7 {Liwak,P (2342)-Ng,G (2213) chess.com INT 2023 1-0 (39)}) 9. Nf5 Qd7 10. Qg3 f6 11. Bc4 g6 12. Nh4 Ne7 13. d3 Na6 14. a3 Nc7 15. f4 Bg7 16. fxe5 fxe5 17. O-O Ne6 18. Bd2 O-O-O 19. Rf7 Rhf8 20. Bxe6 Qxe6 21. Rxg7 Rf7 22. Rxf7 Qxf7 23. Qxe5 Rf8 24. Qxd4 b6 25. Nf3 Qf6 26. Qxf6 Rxf6 27. Bg5 Rf7 28. Ne5 1-0

[Event "45th FIDE Chess Olympiad Open"]
[Site "Budapest, Hungary"]
[Date "2024.09.11"]
[Round "1.74"]
[White "Garzon Zapatanga, Christopher Leonel"]
[Black "Carbonell, Nicolas"]
[Result "1-0"]
[WhiteElo "2216"]
[BlackElo "1798"]
[PlyCount "57"]
[EventDate "2024.??.??"]
[WhiteTeam "Ecuador"]
[BlackTeam "Burkina Faso"]
[WhiteTeamCountry "ECU"]
[BlackTeamCountry "BUR"]
[WhiteClock "0:22:26"]
[BlackClock "0:33:40"]

1. e4 e5 2. Nf3 Nf6 3. Nxe5 Qe7 4. d4 Nc6 5. Nc3 Nxe5 6. dxe5 Qxe5 7. Bd3 Bb4 8. Bd2 d5 9. f4 $146 ({RR} 9. O-O Bg4 10. f3 Bd6 11. g3 dxe4 12. Bxe4 Nxe4 13. Re1 O-O-O 14. Nxe4 Bf5 15. c3 Bxe4 16. Rxe4 Bc5+ 17. Kg2 Qd5 18. Re2 Rhe8 19. Rxe8 Rxe8 20. Bf4 Qxd1 21. Rxd1 Re2+ 22. Kh3 Rxb2 23. Rd5 b6 {Ivanov,I (2351)-Kurilin,A (2314) Kireevsk 2006 0-1 (34)}) 9... Qd4 10. e5 Bc5 11. Qf3 Ng4 12. O-O-O c6 13. Rde1 Qf2 14. Be2 Be3 15. Qxf2 Bxf2 16. Ref1 Be3 17. h3 Bxd2+ 18. Kxd2 Nh6 19. g4 g6 20. Bd3 O-O 21. Ne2 c5 22. c3 b6 23. Ng3 Kh8 24. f5 Rg8 25. f6 Nxg4 26. hxg4 Bxg4 27. Rxh7+ Kxh7 28. Rh1+ Bh5 29. Rxh5# 1-0

[Event "45th FIDE Chess Olympiad Open"]
[Site "Budapest, Hungary"]
[Date "2024.09.11"]
[Round "1.76"]
[White "Munoz Sanchez, Miguel"]
[Black "Lompo, Boammani Aser"]
[Result "1-0"]
[WhiteElo "2181"]
[BlackElo "1568"]
[PlyCount "33"]
[EventDate "2024.??.??"]
[WhiteTeam "Ecuador"]
[BlackTeam "Burkina Faso"]
[WhiteTeamCountry "ECU"]
[BlackTeamCountry "BUR"]
[WhiteClock "1:03:32"]
[BlackClock "0:37:15"]

1. Nf3 {Ramirez Alvarez,Alejandro} d5 2. c4 c6 3. g3 Nf6 4. Bg2 Bg4 5. Ne5 e6 6. cxd5 exd5 7. Nxg4 Nxg4 8. Nc3 $146 ({RR} 8. e4 Nf6 9. e5 Nfd7 10. O-O Na6 11. Re1 Nc7 12. f4 g6 13. d4 Ne6 14. Nc3 Nxd4 15. e6 Nxe6 16. f5 gxf5 17. Bf4 Nf6 18. Re5 Ng4 19. Qe2 Nxe5 20. Bxe5 Rg8 21. Rf1 Bd6 22. Rxf5 Bxe5 {Cygielman,M-Bigot,A Germany 1988 0-1}) ({RR} 8. O-O Nf6 9. d3 Bc5 10. Qc2 Bb6 11. e4 O-O 12. Nc3 Na6 13. a3 Nc5 14. exd5 Nxd5 15. Nxd5 cxd5 16. Be3 Rc8 17. Rac1 Qd7 18. Bxc5 Rxc5 19. Qxc5 Bxc5 20. Rxc5 Rc8 21. Rxd5 Qe7 22. Bh3 Rc7 {Aronian,L (2792)-Shirov,A (2684) Zuerich 2016 CBM 171 [Ramirez Alvarez,Alejandro] 0-1 (64)}) ({RR} 8. e4 Nf6 9. e5 Ne4 10. O-O Nc5 11. d4 Ne6 12. Nc3 Nd7 13. Be3 h5 14. f4 g6 15. f5 Ng7 16. fxg6 fxg6 17. Qd3 Nf5 18. Bh3 Qe7 19. Bxf5 gxf5 20. Rxf5 Bh6 21. Rc1 Qe6 22. Bxh6 Rxh6 {Schitco,I (2507)-Zanfir,I (1656) Brasov ROU 2023 1-0 (31)}) ({RR} 8. e4 Nh6 9. exd5 Qe7+ 10. Qe2 Qxe2+ 11. Kxe2 c5 12. Re1 Nf5 13. Kf1+ Kd8 14. Nc3 Nd6 15. d3 Na6 16. Bg5+ f6 17. Bf4 Nf7 18. Re6 Nc7 19. Bxc7+ Kxc7 20. Nb5+ Kd7 21. Bh3 Ng5 22. Rd6+ Ke8 {Fendrich,D (2168)-Morling,J (2115) Sweden 2015 1-0 (35)}) ({RR} 8. O-O h5 9. d4 Bd6 10. h3 Nf6 11. Qb3 Qb6 12. Qe3+ Kf8 13. Nc3 Nbd7 14. Qd3 Re8 15. Bg5 Nh7 16. Bf4 Bxf4 17. gxf4 Nhf6 18. e3 Qd8 19. b4 b5 20. a4 a6 21. axb5 axb5 22. Ra6 Nb6 {Schmittdiel,E (2425)-Ruf,M (2390) Bad Neuenahr 1989 1-0 (52)}) 8... Qb6 9. O-O Nf6 10. e4 dxe4 11. d3 Bd6 12. Nxe4 Be5 13. Nxf6+ Bxf6 14. Re1+ Kf8 15. Be3 Qb4 16. Qb3 Qxb3 17. Bc5+ 1-0

[Event "45th FIDE Chess Olympiad Open"]
[Site "Budapest, Hungary"]
[Date "2024.09.11"]
[Round "1.78"]
[White "Senglek, Khonsavanh"]
[Black "Berend, Fred"]
[Result "0-1"]
[WhiteElo "1591"]
[BlackElo "2230"]
[PlyCount "98"]
[EventDate "2024.??.??"]
[WhiteTeam "Laos"]
[BlackTeam "Luxembourg"]
[WhiteTeamCountry "LAO"]
[BlackTeamCountry "LUX"]
[WhiteClock "0:35:35"]
[BlackClock "0:15:43"]

1. d4 Nf6 2. Bf4 c6 3. Nf3 Qb6 4. Qc1 d6 5. e3 Nh5 6. Bg3 g6 7. Be2 Nxg3 8. hxg3 Bg7 9. c3 Nd7 $146 ({RR} 9... d5 10. Nbd2 Bg4 11. O-O O-O 12. c4 Nd7 13. cxd5 cxd5 14. Nb3 a5 15. Qd2 a4 16. Nc1 Nf6 17. Nd3 Ne4 18. Qb4 Qxb4 19. Nxb4 a3 20. b3 e6 21. Rfc1 Rfc8 22. Bf1 Bf8 23. Nd3 Bxf3 24. gxf3 {Mikova,M (1799)-Zavarsky,J (1953) Slovakia 2022 ½-½}) 10. Nbd2 O-O 11. a4 Qc7 12. Qc2 e5 13. dxe5 dxe5 14. Bc4 Nc5 15. Nh4 Be6 16. b4 Bxc4 17. Nxc4 Ne6 18. O-O Rad8 19. e4 Rd7 20. Ne3 Rfd8 21. Nf3 a5 22. Rfb1 axb4 23. Rxb4 Bf8 24. Rb2 Nc5 25. Nc4 Nd3 26. Rbb1 Bc5 27. Rf1 f6 28. Rab1 Kg7 29. Qe2 Qb8 30. Ne3 Qa7 31. Ra1 Nxf2 32. Kxf2 Rd3 33. Rfe1 Rxe3 34. Qxe3 Bxe3+ 35. Rxe3 Rd3 36. Rae1 Rxc3 37. R1e2 h5 38. Nd2 Kh6 39. g4 hxg4 40. Nf1 Ra3 41. g3 Rxa4 42. Kg2 Ra2 43. Rxa2 Qxa2+ 44. Kg1 Qa7 45. Kg2 b5 46. Re2 Qd4 47. Nd2 b4 48. Kf1 Qd3 49. Kf2 c5 0-1

[Event "45th FIDE Chess Olympiad Open"]
[Site "Budapest, Hungary"]
[Date "2024.09.11"]
[Round "1.83"]
[White "Abdou, Mohamed"]
[Black "Meylan, Andre"]
[Result "0-1"]
[WhiteElo "1782"]
[BlackElo "2165"]
[PlyCount "58"]
[EventDate "2024.??.??"]
[WhiteTeam "Comoros Islands"]
[BlackTeam "Monaco"]
[BlackTeamCountry "MNC"]
[WhiteClock "0:04:18"]
[BlackClock "0:30:20"]

1. d4 c5 2. c3 e6 3. Bf4 Nf6 4. e3 Nc6 5. Nd2 cxd4 6. exd4 Be7 7. Ngf3 $146 ({RR} 7. Nc4 d6 8. Nf3 Nd5 9. Bg3 O-O 10. Bd3 Nb6 11. Qc2 Nxc4 12. Bxc4 Re8 13. O-O a6 14. Bd3 g6 15. Rfe1 b5 16. Be4 Bb7 17. Qe2 Rc8 18. Rad1 Na5 19. Bb1 Nc4 20. Bd3 Bxf3 21. gxf3 Nb6 {Dion,J (1921)-Caron,S (1819) Quebec 2004 ½-½ (35)}) 7... Nd5 8. Bg3 f5 9. h3 Nf6 10. Bd3 O-O 11. O-O d5 12. Bh4 Ne4 13. Bxe7 Qxe7 14. Rc1 Qf6 15. Bb5 Bd7 16. Bxc6 Bxc6 17. Ne5 Bb5 18. Re1 Qh4 19. Nxe4 fxe4 20. Rc2 Rf5 21. Qg4 Qf6 22. Qg3 Rf8 23. f3 Rg5 24. Qf2 exf3 25. g3 Qf5 26. Kh2 Rxg3 27. Qxg3 Qxc2+ 28. Kh1 f2 29. Rf1 Bxf1 0-1

[Event "45th FIDE Chess Olympiad Open"]
[Site "Budapest, Hungary"]
[Date "2024.09.11"]
[Round "1.85"]
[White "Karimov, Alisher"]
[Black "Kim, Sanker"]
[Result "1-0"]
[WhiteElo "2240"]
[BlackElo "1564"]
[PlyCount "91"]
[EventDate "2024.??.??"]
[WhiteTeam "Tajikistan"]
[BlackTeam "Cambodia"]
[WhiteTeamCountry "TJK"]
[BlackTeamCountry "CMB"]
[WhiteClock "0:19:15"]
[BlackClock "0:00:43"]

1. Nf3 d5 2. c4 dxc4 3. Qa4+ Nc6 4. Qxc4 Nf6 5. g3 e5 6. Bg2 Be7 7. O-O O-O 8. Nc3 Be6 9. Qa4 Qc8 $146 ({RR} 9... Nd5 10. Nxd5 Bxd5 11. d3 Rb8 12. Bd2 Bxf3 13. Bxf3 Nd4 14. Bc3 Nxf3+ 15. exf3 Qxd3 {½-½ (15) Puhlmann,R (2121)-Jaehnisch,F (2220) Germany 2014}) ({RR} 9... Nd7 10. d3 f5 11. Nd2 Nb6 12. Qd1 Qe8 13. a4 a5 14. Nb5 Qd7 15. b3 Rad8 16. Qc2 Nd5 17. Nc4 Bf6 18. Bb2 Ncb4 19. Qc1 c6 20. Nc3 Qc7 21. Rd1 b6 22. Na2 b5 23. Nxb4 axb4 24. axb5 {Slamar,V (2242)-Martinovic,S (2416) Zadar 2008 0-1 (45)}) 10. d3 Bh3 11. Bg5 Bxg2 12. Kxg2 Re8 13. Rac1 Nd7 14. Bxe7 Rxe7 15. Qh4 Re6 16. Nd5 h6 17. Rxc6 bxc6 18. Ne7+ Rxe7 19. Qxe7 Qe8 20. Qxe8+ Rxe8 21. Rc1 Re6 22. Rc4 c5 23. Ra4 a6 24. Nd2 f5 25. Nc4 e4 26. Ra3 exd3 27. Rxd3 Nb6 28. Ne3 g6 29. Rc3 Na4 30. Rc2 Rc6 31. Nd5 Kf7 32. b3 Nb6 33. Nb4 Re6 34. Nxa6 Nd5 35. Nxc5 Rc6 36. a3 Nf6 37. b4 Nd7 38. f3 Nxc5 39. Rxc5 Rxc5 40. bxc5 Ke6 41. e4 fxe4 42. fxe4 Ke5 43. a4 Kxe4 44. a5 Kd5 45. a6 Kc6 46. Kf3 1-0

[Event "45th FIDE Chess Olympiad Open"]
[Site "Budapest, Hungary"]
[Date "2024.09.11"]
[Round "1.86"]
[White "El, Rozak"]
[Black "Ilkhomi, Jaloliddin"]
[Result "0-1"]
[WhiteElo "1514"]
[BlackElo "2227"]
[PlyCount "92"]
[EventDate "2024.??.??"]
[WhiteTeam "Cambodia"]
[BlackTeam "Tajikistan"]
[WhiteTeamCountry "CMB"]
[BlackTeamCountry "TJK"]
[WhiteClock "0:48:52"]
[BlackClock "0:49:16"]

1. d4 Nf6 2. c4 e6 3. Nc3 Bb4 4. Nf3 O-O 5. g3 b6 6. Bg2 Bb7 7. O-O Bxc3 8. bxc3 d6 9. Bg5 Nbd7 ({RR} 9... h6 10. Bxf6 Qxf6 11. Qd3 Re8 12. e4 e5 13. Nd2 Nc6 14. Nb3 Ba6 15. f4 Qe7 16. Rf2 Rad8 17. Raf1 f6 18. Rd1 Nb8 19. Nd2 Nc6 20. Nf1 Na5 21. Ne3 c6 22. fxe5 dxe5 23. Qe2 Qf7 24. d5 {Li,C (2757)-Fedoseev,V (2664) Karlsruhe 2016 0-1 (43)}) 10. Re1 h6 11. Bf4 ({RR} 11. Bd2 Qe7 12. Qc2 Be4 13. Qc1 e5 14. Nh4 Bxg2 15. Nxg2 Qe6 16. Ne3 Ng4 17. Nxg4 Qxg4 18. f3 Qe6 19. d5 Qg6 20. e4 f5 21. Qc2 fxe4 22. Qxe4 Qh5 23. Kg2 Rae8 24. Be3 Nf6 25. Qc2 Nd7 {Robledo,C (2202)-Martinez Pla,X (2261) chess.com INT 2024 0-1 (42)}) 11... Qe7 12. Nh4 $146 ({RR} 12. Qd3 Be4 13. Qe3 Rfe8 14. Rad1 e5 15. dxe5 dxe5 16. Rxd7 Nxd7 17. Bxh6 Bxf3 18. Bxf3 gxh6 19. Qxh6 Qf6 20. Qh5 Rad8 21. Be4 Qg7 22. Bc6 {0-1 (22) Recalde,A (1850)-Zacarias Martinez,R (2135) Asuncion 2021}) ({RR} 12. a4 a5 13. Qb3 e5 14. Bc1 Be4 15. Ba3 Rfe8 16. Rad1 Qe6 17. Bf1 Qf5 18. Nh4 Qh7 19. Rd2 g5 20. Ng2 Re7 21. c5 bxc5 22. dxc5 Rb8 23. Qa2 Nxc5 24. Bxc5 dxc5 25. Qc4 Bxg2 26. Bxg2 Rb1 {Aizpurua,P (2321)-Moskalenko,A (2482) chess.com INT 2022 0-1 (41)}) ({RR} 12. Nd2 Bxg2 13. Kxg2 e5 14. Be3 Rfe8 15. Qc2 Qe6 16. h3 d5 17. cxd5 Nxd5 18. c4 Nxe3+ 19. fxe3 c6 20. a4 a6 21. Rab1 Rab8 22. Rb2 b5 23. cxb5 cxb5 24. axb5 Rxb5 25. Nf3 e4 26. Nd2 Rh5 {Ring,G (2026)-Scherer,H (2275) Bad Woerishofen 2002 0-1 (36)}) 12... Bxg2 13. Nxg2 e5 14. Bd2 Ne4 15. f3 Nxd2 16. Qxd2 f5 17. Nh4 Qf7 18. d5 f4 19. Qd3 g5 20. Ng2 Rae8 21. g4 e4 22. Qd4 Ne5 23. Rf1 Re7 24. h3 Qe8 25. a4 a5 26. fxe4 Nd7 27. Ra2 Rxe4 28. Qf2 Rxc4 29. Ne1 Rxc3 30. Nf3 Qe4 31. Rd2 Ne5 32. Rd4 Nxf3+ 33. exf3 Qe3 34. Re4 Qxf2+ 35. Rxf2 Re3 36. Kg2 Re8 37. Rxe8+ Rxe8 38. Rc2 Re7 39. h4 Kf7 40. Rc4 Ke8 41. Kf2 Kd7 42. Rc3 Re3 43. Rc1 Rd3 44. Rh1 Rd2+ 45. Ke1 Rxd5 46. hxg5 hxg5 0-1

[Event "45th FIDE Chess Olympiad Open"]
[Site "Budapest, Hungary"]
[Date "2024.09.11"]
[Round "1.90"]
[White "Ulhaq, Zacky Dhia"]
[Black "Roberts, Gennard"]
[Result "1-0"]
[WhiteElo "2203"]
[BlackElo "1582"]
[PlyCount "79"]
[EventDate "2024.??.??"]
[WhiteTeam "Indonesia"]
[BlackTeam "Grenada"]
[WhiteTeamCountry "INA"]
[BlackTeamCountry "GRA"]
[WhiteClock "0:05:45"]
[BlackClock "0:30:10"]

1. d4 Nf6 2. c4 c5 3. d5 b5 4. cxb5 a6 5. bxa6 Bxa6 6. Nc3 g6 7. e4 Bxf1 8. Kxf1 d6 9. Nf3 Bg7 10. g3 O-O 11. Kg2 Nbd7 12. a4 Qa5 13. Bd2 Rfb8 14. Nb5 Qb6 15. Qc2 Ng4 16. Bc3 Nge5 ({RR} 16... Bh6 17. h3 Nge5 18. Nxe5 Nxe5 19. Bxe5 dxe5 20. Rhb1 Qb7 21. Qc3 Bg7 22. Qxc5 Rc8 23. Qe3 f5 24. Nc3 Rc4 25. f3 f4 26. Qd3 Rd4 27. Qe2 fxg3 28. Kxg3 Rb4 29. a5 Qc8 30. Kh2 Qf8 31. a6 {Slade,T (2128)-De Pablo Pena,M (1746) chess.com INT 2024 1-0 (47)}) 17. Nd2 c4 18. Nxc4 $146 ({RR} 18. f4 Ng4 19. Nxc4 Qb7 20. h3 Rc8 21. hxg4 Rxc4 22. Qd3 Rcc8 23. g5 Nc5 24. Qf3 Nxa4 25. Bxg7 Qxb5 26. Bd4 Rc2+ 27. Kh3 Rac8 28. Kg4 R8c4 29. Qe3 Rxd4 30. b3 Nb6 31. Ra7 Rd3 32. Qe1 Rcc3 {Bures,V (2144)-Odegov,A (2286) Chess.com INT 2021 0-1 (38)}) 18... Nxc4 19. Bxg7 Ne3+ 20. fxe3 Kxg7 21. Qc3+ Kg8 22. Qd4 Rc8 23. Rhf1 Qb7 24. b3 Rc2+ 25. Rf2 Qc8 26. Qd1 Rxf2+ 27. Kxf2 Nc5 28. Qc2 Qg4 29. Nc3 Rc8 30. Kg2 f5 31. exf5 gxf5 32. Nb5 f4 33. Qd1 Qxd1 34. Rxd1 fxe3 35. Nd4 e2 36. Re1 Nd3 37. Rxe2 Nc1 38. Rxe7 Nd3 39. a5 Nb4 40. Rb7 1-0

[Event "45th FIDE Chess Olympiad Open"]
[Site "Budapest, Hungary"]
[Date "2024.09.12"]
[Round "2.1"]
[White "Caruana, Fabiano"]
[Black "Tin, Jingyao"]
[Result "1-0"]
[WhiteElo "2798"]
[BlackElo "2580"]
[PlyCount "63"]
[EventDate "2024.??.??"]
[WhiteTeam "United States of America"]
[BlackTeam "Singapore"]
[BlackTeamCountry "SIN"]
[WhiteClock "0:43:44"]
[BlackClock "0:15:52"]

1. e4 e5 2. Nf3 Nc6 3. Bc4 Nf6 4. d3 Bc5 5. O-O d6 6. c3 O-O 7. h3 a6 8. a4 h6 9. Re1 Re8 10. b4 Ba7 11. Nbd2 Be6 12. Bxe6 Rxe6 13. Bb2 ({RR} 13. Nb3 Ne7 14. Nh4 d5 15. Qe2 Rd6 16. Nc5 Bxc5 17. bxc5 Re6 18. Qf3 dxe4 19. dxe4 Qd7 20. a5 Rd8 21. Rb1 Qc6 22. Qe3 Kh7 23. Rb4 Ng6 24. Nxg6 fxg6 25. f3 Nh5 26. Qf2 g5 27. Kh2 Nf4 {Caruana,F (2819)-So,W (2754) Zagreb 2019 ½-½ (41)}) 13... d5 $146 ({RR} 13... Ne7 14. d4 Ng6 15. c4 a5 16. b5 Nh7 17. c5 Nf4 18. Nf1 dxc5 19. dxe5 Nd3 20. Re2 c4 21. Ne3 Bxe3 22. fxe3 Ng5 23. Nxg5 Qxg5 24. Qc2 Nxb2 25. Qxb2 Qxe5 26. Qa2 Qxe4 27. Rc1 Rd8 28. Rxc4 {Malakhov,V (2650)-Salem,A (2677) chess.com INT 2023 0-1 (57)}) ({RR} 13... Nh5 14. Nf1 Nf4 15. Bc1 Qf6 16. Ra2 Rd8 17. Bxf4 Qxf4 18. g3 Qf6 19. Ne3 Ree8 20. Kg2 Ne7 21. Rae2 Qe6 22. Qb1 c6 23. d4 Rc8 24. Qd3 Red8 25. a5 Ng6 26. h4 Ne7 27. h5 Kf8 28. Rd2 {Diaz Villagran,R (2268)-Fadi,M (2221) Abu Dhabi UAE 2024 0-1 (70)}) ({RR} 13... b5 14. d4 Re8 15. axb5 axb5 16. Qe2 exd4 17. Qxb5 dxc3 18. Bxc3 Ne5 19. Qb7 Bb6 20. Bxe5 dxe5 21. Rxa8 Qxa8 22. Qxa8 Rxa8 23. Nxe5 Bd4 24. Nc6 Bc3 25. Rd1 Bxd2 26. Rxd2 Nxe4 27. Re2 Nd6 28. Rc2 {Giri,A (2779)-So,W (2754) Zagreb 2019 ½-½ (33)}) 14. b5 Ne7 15. exd5 Qxd5 16. c4 Qxd3 17. Nxe5 Qf5 18. Qf3 Rd8 19. Nb3 c6 20. c5 cxb5 21. Qxb7 Qc2 22. Nd4 Qxc5 23. Nxe6 Qxf2+ 24. Kh1 fxe6 25. Qxe7 Rd2 26. Qf7+ Kh8 27. Ng6+ Kh7 28. Nf8+ Kh8 29. Qg6 Rxb2 30. Nxe6 Nh5 31. Qe8+ Kh7 32. Ng5+ 1-0

[Event "45th FIDE Chess Olympiad Open"]
[Site "Budapest, Hungary"]
[Date "2024.09.12"]
[Round "2.3"]
[White "Aronian, Levon"]
[Black "Wong, Zhenyong Jayden"]
[Result "1-0"]
[WhiteElo "2729"]
[BlackElo "2397"]
[PlyCount "75"]
[EventDate "2024.??.??"]
[WhiteTeam "United States of America"]
[BlackTeam "Singapore"]
[BlackTeamCountry "SIN"]
[WhiteClock "0:26:51"]
[BlackClock "0:00:53"]

1. e4 c5 2. Nf3 e6 3. d4 cxd4 4. Nxd4 Nc6 5. Nc3 Qc7 6. Be3 a6 7. Qd2 Nf6 8. O-O-O Be7 9. g4 Nxg4 10. Bf4 Nge5 11. Nxc6 bxc6 12. Rg1 g5 13. Rxg5 Bxg5 14. Bxg5 Nf3 15. Qe3 Nxg5 16. Qxg5 d6 17. f4 $146 ({RR} 17. Qg3 e5 18. f4 Qe7 19. Qg7 Rf8 20. f5 f6 21. Qg1 Rf7 22. Qg8+ Rf8 23. Qg1 Rf7 24. Qg8+ Rf8 25. Qg1 {½-½ (25) Yu Yangyi (2720)-Erigaisi,A (2738) Shenzhen CHN 2024}) 17... Qe7 18. Qg1 Kf8 19. e5 Rg8 20. Qb6 d5 21. Ne4 Rg6 22. Nd6 Bd7 23. Bd3 Rg2 24. Kb1 Be8 25. f5 Qa7 26. Qb4 Rg1 27. Be2 Rxd1+ 28. Bxd1 Qg1 29. a3 Qxd1+ 30. Ka2 exf5 31. Nxf5+ Kg8 32. Qe7 h6 33. Nxh6+ Kh7 34. Qh4 Kg6 35. Qf6+ Kh5 36. Nf5 Qf3 37. Qh6+ Kg4 38. Ne3+ 1-0

[Event "45th FIDE Chess Olympiad Open"]
[Site "Budapest, Hungary"]
[Date "2024.09.12"]
[Round "2.4"]
[White "Goh, Wei Ming Kevin"]
[Black "Robson, Ray"]
[Result "0-1"]
[WhiteElo "2449"]
[BlackElo "2700"]
[PlyCount "136"]
[EventDate "2024.??.??"]
[WhiteTeam "Singapore"]
[BlackTeam "United States of America"]
[WhiteTeamCountry "SIN"]
[WhiteClock "0:00:32"]
[BlackClock "0:01:40"]

1. e4 c5 2. Nf3 d6 3. d4 cxd4 4. Nxd4 Nf6 5. Nc3 a6 6. Bc4 e6 7. a4 Be7 8. O-O O-O 9. Be3 Nc6 10. Qe2 Bd7 11. Nxc6 Bxc6 12. a5 Nxe4 13. Nxe4 d5 14. Bb6 Qc8 15. Bd3 dxe4 16. Bxe4 Bb5 17. Bd3 $146 ({RR} 17. Qf3 Bxf1 18. Rxf1 Rb8 19. Ba7 Qc7 20. Bxb8 Rxb8 21. Ra1 b6 22. axb6 Rxb6 23. b3 g6 24. g3 Bc5 25. Bd3 Bd4 26. Ra4 Qc5 27. Bxa6 Qxc2 28. Qa8+ Kg7 29. Rxd4 e5 30. Rd8 Rf6 31. Rg8+ Kh6 {Plaskan,J (2258)-Herega,N (2188) Radenci SLO 2023 1-0 (32)}) 17... Bxd3 18. Qxd3 Bc5 19. Bxc5 Qxc5 20. Rfd1 Qc7 21. Qe4 Rfd8 22. g3 h6 23. c4 Rac8 24. b4 Rd7 25. b5 Qxc4 26. Qxc4 Rxd1+ 27. Rxd1 Rxc4 28. bxa6 bxa6 29. Rd6 Ra4 30. Rxa6 g5 31. h3 h5 32. Kg2 Kg7 33. Ra8 h4 34. gxh4 Rxh4 35. Rb8 Ra4 36. Rb5 Kg6 37. Rc5 Ra3 38. Rb5 f6 39. Rb6 e5 40. a6 e4 41. Rc6 Kf5 42. Rb6 Ke5 43. Rc6 f5 44. Rc5+ Kf4 45. Rc6 Ra4 46. Rf6 Ra5 47. Rb6 Ra1 48. Rc6 Ke5 49. Rc5+ Kf4 50. Rc6 Ra2 51. Re6 g4 52. hxg4 Kxg4 53. Rg6+ Kf4 54. Rb6 Kg5 55. Re6 Ra3 56. Kf1 Kf4 57. Kg2 Ra5 58. Rb6 Ke5 59. Rh6 Ra2 60. Rb6 f4 61. Kg1 f3 62. Rb5+ Kf4 63. Rb6 Kf5 64. Rb5+ Kg4 65. Rb4 Kh3 66. Rb1 e3 67. fxe3 Kg3 68. e4 Rg2+ 0-1

[Event "45th FIDE Chess Olympiad Open"]
[Site "Budapest, Hungary"]
[Date "2024.09.12"]
[Round "2.5"]
[White "Rapport, Richard"]
[Black "Cori, Jorge"]
[Result "1-0"]
[WhiteElo "2715"]
[BlackElo "2609"]
[PlyCount "59"]
[EventDate "2024.??.??"]
[WhiteTeam "Hungary"]
[BlackTeam "Peru"]
[WhiteTeamCountry "HUN"]
[BlackTeamCountry "PER"]
[WhiteClock "0:18:19"]
[BlackClock "0:00:39"]

1. e4 c5 2. Nf3 d6 3. d4 cxd4 4. Qxd4 Nc6 5. Qe3 Nf6 6. Nc3 g6 7. h3 Bg7 8. Bc4 O-O 9. O-O a6 ({RR} 9... b6 10. Rd1 Nd7 11. b3 Bb7 12. Bb2 Rc8 13. Rd2 Nde5 14. Nxe5 Nxe5 15. Be2 Nd7 16. Rb1 Re8 17. h4 Qc7 18. Nb5 Qc5 19. Qxc5 Nxc5 20. f3 Bh6 21. Rdd1 a6 22. Na3 b5 23. c4 b4 24. Nc2 {Vachier Lagrave,M (2750)-Giri,A (2761) Stavanger 2022 1-0 (52)}) 10. a4 Bd7 ({RR} 10... Qc7 11. Rd1 Bd7 12. Qe2 Rac8 13. Bg5 Na5 14. Bd3 Be6 15. Qe3 Nc4 16. Bxc4 Qxc4 17. Bh6 Qb4 18. Bxg7 Kxg7 19. Rab1 Qc5 20. e5 dxe5 21. Qxe5 Qxe5 22. Nxe5 Bf5 23. Rbc1 Rfd8 24. Rxd8 Rxd8 25. g4 {Boudre,J (2214)-Lee,P (2378) Catez SLO 2024 ½-½ (32)}) 11. Rd1 $146 ({RR} 11. Qe2 Qc7 12. Bg5 Be6 13. Nd5 Bxd5 14. exd5 Nb8 15. c3 Nbd7 16. Rfd1 Rfe8 17. a5 Rac8 18. Bb3 Nc5 19. Bc2 e5 20. dxe6 fxe6 21. Bf4 e5 22. Bg5 Kh8 23. Nh2 Ne6 24. Bxf6 Bxf6 25. Ng4 Bg7 {Demchenko,A (2610)-Harshavardhan,G (2397) Chess.com INT 2021 1-0 (63)}) 11... Rc8 12. Qe1 Qa5 13. Ra3 Ne5 14. Nxe5 Qxe5 15. Ba2 Be6 16. f4 Qc5+ 17. Be3 Qc6 18. e5 dxe5 19. fxe5 Nd7 20. Nd5 Bxd5 21. Bxd5 Qxc2 22. e6 Ne5 23. Rd2 Qc1 24. exf7+ Kh8 25. Rd1 Qxb2 26. Rb3 Qc2 27. Rxb7 Rcd8 28. Rxe7 Qxa4 29. Bb6 Rd6 30. Bc5 1-0

[Event "45th FIDE Chess Olympiad Open"]
[Site "Budapest, Hungary"]
[Date "2024.09.13"]
[Round "3.1"]
[White "Cheparinov, Ivan"]
[Black "Caruana, Fabiano"]
[Result "0-1"]
[WhiteElo "2628"]
[BlackElo "2798"]
[PlyCount "140"]
[EventDate "2024.??.??"]
[WhiteTeam "Bulgaria"]
[BlackTeam "United States of America"]
[WhiteTeamCountry "BUL"]
[WhiteClock "0:00:40"]
[BlackClock "0:01:22"]

1. e4 c5 2. Nf3 Nc6 3. Bb5 e6 4. O-O Nge7 5. Re1 Nd4 6. Nxd4 cxd4 7. c3 a6 8. Bf1 Nc6 9. b4 Bd6 10. Bb2 dxc3 11. dxc3 Qc7 12. h3 ({RR} 12. g3 O-O 13. a4 b6 14. Na3 Bb7 15. Nc4 Be7 16. Qe2 f5 17. Qe3 b5 18. Qb6 Bd8 19. axb5 axb5 20. Rxa8 Bxa8 21. Qxb5 fxe4 22. Nd2 d5 23. c4 Qa7 24. Re2 Rxf2 25. Rxf2 e3 26. cxd5 exf2+ {Karmanova,O (2325)-Gunina,V (2435) Barnaul RUS 2024 1-0 (57)}) 12... O-O 13. Nd2 b6 $146 ({RR} 13... Rd8 14. a3 b5 15. c4 bxc4 16. Nxc4 Bh2+ 17. Kh1 d5 18. exd5 exd5 19. Qxd5 Be6 20. Qe4 Bf4 21. Rad1 Ne7 22. Ne3 Ng6 23. Nd5 Bxd5 24. Rxd5 Rxd5 25. Qxd5 Rd8 26. Qf3 Qd6 27. Bc4 Kh8 28. Bxf7 {Ovod,E (2323)-Yakimova,M (2252) Cheboksary 2022 1-0 (43)}) 14. a3 Bb7 15. c4 Bh2+ 16. Kh1 Be5 17. Qb3 Bxb2 18. Qxb2 a5 19. Kg1 axb4 20. axb4 Ne5 21. Qd4 h6 22. Rec1 Nc6 23. Qc3 Rxa1 24. Rxa1 Rc8 25. Qb2 d6 26. Nf3 Nd8 27. Nd2 e5 28. Be2 Rb8 29. Ra3 Ne6 30. Bf1 Nd4 31. f3 Bc8 32. Nb3 Nc6 33. Na1 Be6 34. Nc2 h5 35. Kh1 h4 36. Qc3 Ne7 37. Ne3 Ng6 38. Qa1 Qd8 39. Qe1 Nf4 40. Qf2 Qg5 41. Ra1 Nh5 42. Bd3 g6 43. Kh2 Kg7 44. Bf1 Rc8 45. b5 Qd8 46. Kg1 Nf4 47. Ra7 Rb8 48. Kh2 Nh5 49. Bd3 Qg5 50. Bf1 Qg3+ 51. Kg1 Nf4 52. Qxg3 hxg3 53. Nd1 Rc8 54. Nb2 Rb8 55. Na4 Bc8 56. Nc3 Kf6 57. Na4 Kg7 58. Nc3 Be6 59. Na4 Kh6 60. Ra6 Bc8 61. Ra7 f5 62. Nc3 Kg5 63. exf5 Bxf5 64. Ra6 Kh4 65. Na4 Bc8 66. Ra7 Kg5 67. Nc3 Bb7 68. Be2 d5 69. cxd5 Rc8 70. Ne4+ Kh4 0-1